Návrh tvorby modelu prerozdelenia a využívania sociálneho fondu v priemyselnej organizácii malého typu (cca 20 zamestnancov) a veľkého typu (cca 3000 zamestnancov)

Saved in:
Bibliographic Details
Main Author: Žišková, Lucia (Author)
Other Authors: Holeček, Jaroslav (Thesis advisor)
Format: Manuscript Book
Language:Slovak
Published: 2018
Subjects:
Online Access:http://is.stuba.sk/zp/portal_zp.pl?podrobnosti=129303
Tags: Add Tag
No Tags, Be the first to tag this record!

MARC

LEADER 00000ntm a22000003a 4500
001 stuzp58423
003 SK-STU
005 20180820151232.9
007 ta
008 150427s2015----xo-----f-mn---000-0-slo-d
040 |a STU  |b slo 
041 0 |a slo 
100 1 |a Žišková, Lucia  |u 064000  |4 aut  |U MTF Materiálovotechnologická fakulta  |T MTF Ústav priemyselného inžinierstva a manažmentu  |X 47306  |U M4000  |Y 84  |7 47306 
242 0 1 |a Draft model creation redistribution and the use of the social fund industry organization of the type of small (about 20 employees) and large type (about 3000 employees)  |y eng 
245 1 0 |a Návrh tvorby modelu prerozdelenia a využívania sociálneho fondu v priemyselnej organizácii malého typu (cca 20 zamestnancov) a veľkého typu (cca 3000 zamestnancov) 
260 |c 2018 
650 4 |a employers  |2 eng 
650 4 |a the social program  |2 eng 
650 4 |a social fund  |2 eng 
650 4 |a employees  |2 eng 
650 4 |a sociálny program  |2 slo 
650 4 |a sociálny fond  |2 slo 
650 4 |a zamestnávateľ  |2 slo 
650 4 |a zamestnanci  |2 slo 
700 1 |a Holeček, Jaroslav  |u 064000  |k Z1  |4 ths  |U MTF Materiálovotechnologická fakulta  |T MTF Ústav priemyselného inžinierstva a manažmentu  |X 53298  |U M4000  |Y 84  |7 A000053298 
856 4 |u http://is.stuba.sk/zp/portal_zp.pl?podrobnosti=129303